000
00226nam a2200097Ia 4500
008
210430s9999 xx 000 0 und d
020
_a
946-947-946-947
082
_a
629.475
245
_a
Rocket Propellants
942
_c
BK
_2
ddc
999
_c
562085
_d
562085